000 00391nam a2200157Ia 4500
008 160316s1983 xxu||||| |||| 00| 0 eng d
082 _a341.522000
_bSAN-VIII
100 _aSanders Pieter
245 _aYear book of the commercial arbitration.Vol.VIII - 1983
250 _a
260 _aThe Netherlands
_bKluwer
_c1983
300 _a483p
_b
_c
365 _b
650 _a
700 _a
_a
999 _c10145
_d10145